[Event "Tourn. n8808"]
[Site "www.chess-mail.com"]
[Date "2016.07.20"]
[Round "1"]
[White "Umutkrc"]
[Black "Llcervello"]
[WhiteElo "1800"]
[BlackElo "1660"]
[Result "1-0"]
[Round "1"]
1.e3 e5
2.Nb1c3 c6
3.a3 d6
4.h3 f6
5.d4 Nb8d7
6.d5 c5
7.e4 a6
8.f4 b5
9.f5 g5
10.h4 h6
11.Qd1h5 Ke7
12.hxg5 Qd8e8
13.g6 Bf8g7
14.b4 c4
15.a4 Bc8b7
16.axb5 Nd7b6
17.bxa6 Bb7xa6
18.Bc1e3 Qe8b5
19.Nc3xb5 Ba6xb5
20.Ra1xa8 Nb6xa8
21.Qh5d1 Bb5a4
22.Qd1a1 Ba4xc2
23.Qa1a7 { resign }
1-0

[Event "Tourn. n8865"]
[Site "www.chess-mail.com"]
[Date "2016.07.20"]
[Round "1"]
[White "Caspito"]
[Black "Gatrooper"]
[WhiteElo "1810"]
[BlackElo "1710"]
[Result "1-0"]
[Round "1"]
1.e4 e5
2.Ng1f3 Nb8c6
3.Bf1c4 d6
4.d3 Bc8e6
5.Bc4d5 Be6xd5
6.exd5 Nc6e7
7.c4 h6
8.O-O a6
9.b4 Ne7f5
10.Nb1c3 Ng8f6
11.Rf1e1 Nf6g4
12.Nc3e4 h5
13.h3 Ng4h6
14.Nf3g5 f6
15.Qd1xh5 Kd7
16.Ng5e6 Qd8e7
17.c5 dxc5
18.Ne4xc5 Kc8
19.Bc1d2 b6
20.Ne6xc7 Kxc7
21.Nc5e6 Kb8
22.Ra1c1 Nf5d6
23.Rc1c7 Qe7d8
24.Ne6xd8 Kxc7
25.Nd8e6 Kb7
26.a4 Ra8c8
27.Qh5g6 Nd6f5
28.Bd2xh6 Rh8xh6
29.Qg6xf5 Bf8xb4
30.Re1b1 a5
31.Ne6xg7 Rc8c7
32.Ng7e8 Rc7e7
33.d6 Re7xe8
34.Qf5d7 Ka6
35.Qd7xe8 Kb7
36.Qe8d7 Ka6
37.Qd7c8 Ka7
38.d7 Bb4e7
39.Qc8c7 Ka6
40.Qc7xb6 { resign }
1-0

[Event "Tourn. n8767"]
[Site "www.chess-mail.com"]
[Date "2016.07.20"]
[Round "1"]
[White "Cal"]
[Black "Gatrooper"]
[WhiteElo "1560"]
[BlackElo "1480"]
[Result "1-0"]
[Round "1"]
1.Ng1f3 Nb8c6
2.d4 d5
3.a3 Bc8g4
4.e3 Bg4xf3
5.Qd1xf3 Ng8f6
6.Nb1c3 a6
7.Bf1d3 h6
8.h3 e6
9.O-O Qd8d6
10.b4 g5
11.Bc1b2 Bf8e7
12.Nc3e2 O-O-O
13.c4 g4
14.hxg4 Rd8g8
15.g3 Nf6xg4
16.Qf3xf7 Be7h4
17.Ne2f4 Rg8f8
18.Qf7xe6 Qd6xe6
19.Nf4xe6 Rf8e8
20.Bd3f5 Re8g8
21.cxd5 Nc6e7
22.Bf5xg4 Rg8xg4
23.Ne6f4 Bh4f6
24.e4 Ne7g6
25.Nf4h5 Bf6d8
26.f3 Rg4g5
27.Nh5g7 Rh8g8
28.Ng7e6 Rg5xg3
29.Kf2 Bd8h4
30.Ke3 Bh4g5
31.Kf2 Bg5h4
32.Ke3 Bh4g5
33.Ne6xg5 Ng6h4
34.Ng5e6 Nh4g2
35.Kf2 Ng2f4
36.Ne6xf4 Rg3g7
37.e5 Rg7g2
38.Nf4xg2 b6
39.Ng2f4 Rg8f8
40.Nf4e6 Rf8f5
41.Ke3 Rf5h5
42.Ne6f4 Rh5f5
43.d6 cxd6
44.e6 Kd8
45.Ke4 Rf5f8
46.Nf4d5 Rf8e8
47.Nd5xb6 Re8xe6
48.Kd5 Ke7
49.Nb6c8 Kf6
50.Nc8xd6 h5
51.Ra1e1 Re6xe1
52.Rf1xe1 Kg5
53.Re1e4 h4
54.Bb2c1 Kh5
55.Re4g4 h3
56.Bc1f4 a5
57.Nd6f7 axb4
58.axb4 h2
59.Bf4xh2  { time }
1-0

[Event "Match"]
[Site "www.echecsemail.com"]
[Date "2016.07.20"]
[Round "1"]
[White "Guidom"]
[Black "Powerchess"]
[WhiteElo "2060"]
[BlackElo "1510"]
[Result "1-0"]
[Round "1"]
1.e4 e6
2.d4 d5
3.Nb1c3 Ng8f6
4.e5 Nf6d7
5.Ng1f3 c5
6.Bf1b5 a6
7.Bb5xd7 Bc8xd7
8.O-O Nb8c6
9.Bc1e3 cxd4
10.Be3xd4 Nc6xd4
11.Qd1xd4 Ra8c8
12.Ra1d1 Bf8c5
13.Qd4g4 O-O
14.Nf3g5 h6
15.Ng5h3 Qd8e7
16.Nh3f4 f5
17.Qg4g3 Bd7c6
18.Nf4g6  { time }
1-0

[Event "Match"]
[Site "www.echecsemail.com"]
[Date "2016.07.20"]
[Round "1"]
[White "Drawlward"]
[Black "Fangshuo"]
[WhiteElo "1809"]
[BlackElo "2090"]
[Result "1-0"]
[Round "1"]
1.e4 Ng8f6
2.e5 Nf6d5
3.d4 d6
4.Ng1f3 Bc8g4
5.Bf1e2 Bg4xf3
6.Be2xf3 dxe5
7.c4 c6
8.cxd5 cxd5
9.dxe5 e6
10.O-O Nb8c6
11.Bc1f4 g6
12.Nb1c3 a6
13.Qd1b3 b5
14.Nc3xd5 exd5
15.Bf3xd5 Qd8d7
16.Ra1d1 Bf8g7
17.e6 fxe6
18.Bd5xe6 Qd7c7
19.Bf4xc7 { resign }
1-0

[Event "Match"]
[Site "www.echecsemail.com"]
[Date "2016.07.20"]
[Round "1"]
[White "Wwgia"]
[Black "Pimpampum"]
[WhiteElo "2020"]
[BlackElo "2180"]
[Result "1/2-1/2"]
[Round "1"]
1.d4 f5
2.c4 Ng8f6
3.Ng1f3 g6
4.g3 Bf8g7
5.Bf1g2 O-O
6.O-O e6
7.b3 d6
8.Bc1b2 Nb8d7
9.Nb1d2 Qd8e7
10.Qd1c2 e5
11.dxe5 Nd7xe5
12.Ra1d1 Bc8d7
13.Nd2b1 Ra8b8
14.Nb1c3 Rf8e8
15.Rf1e1 a6
16.e4 Nf6xe4
17.Nc3xe4 fxe4
18.Nf3xe5 Bg7xe5
19.Bg2xe4 Qe7f6
20.Bb2xe5 Re8xe5
21.Be4d5 Kg7
22.Re1xe5 Qf6xe5
23.f4 Qe5e3
24.Kg2 Bd7g4
25.Qc2d2 Qe3xd2
{ draw }
1/2-1/2

[Event "Match"]
[Site "www.echecsemail.com"]
[Date "2016.07.20"]
[Round "1"]
[White "Jhzes"]
[Black "Wwgia"]
[WhiteElo "1809"]
[BlackElo "2060"]
[Result "0-1"]
[Round "1"]
1.Nb1c3 Ng8f6
2.d4 c5
3.dxc5 e6
4.b4 a5
5.Bc1a3 axb4
6.Ba3xb4 Nb8c6
7.Ra1b1 Nc6xb4
8.Rb1xb4 Bf8xc5
9.Rb4b5 Ra8a5
10.e3 O-O
11.Bf1c4 Ra5xb5
12.Bc4xb5 Qd8a5
13.Ng1e2 d5
14.a4 Nf6e4
15.O-O Ne4xc3
16.Ne2xc3 Qa5xc3
17.g3 b6
18.Qd1d3 Qc3xd3
19.cxd3 Rf8d8
20.d4 Bc5b4
21.h4 Bc8d7
22.Bb5xd7 Rd8xd7
23.Rf1c1 g6
24.f4 Kf8
25.Rc1c6 Rd7b7
26.Kh2 Ke8
27.g4 Kd7
28.Rc6c2 Rb7c7
29.Rc2b2 Bb4a5
30.Rb2b5 Rc7c4
31.Kg3 Rc4xa4
32.Kf3 Ra4a1
33.Rb5b2 Ra1h1
34.h5 gxh5
35.gxh5 Rh1xh5
36.Kg4 Rh5h1
37.f5 Rh1g1
38.Kf4 Rg1f1
39.Kg5 Rf1xf5
40.Kg4 h5
41.Kh4 Ba5e1
{ resign }
0-1

[Event "Fast Game"]
[Site "www.echecsemail.com"]
[Date "2016.07.20"]
[Round "1"]
[White "Cal"]
[Black "Attatroll"]
[WhiteElo "1670"]
[BlackElo "1850"]
[Result "1/2-1/2"]
[Round "1"]
1.Nb1c3 f5
2.d4 Ng8f6
3.a3 g6
4.f3 Bf8g7
5.e3 O-O
6.Bf1d3 d6
7.h3 Nf6h5
8.f4 e5
{ draw }
1/2-1/2

[Event "Tourn. n8873"]
[Site "www.chess-mail.com"]
[Date "2016.07.21"]
[Round "1"]
[White "Picifarkinca"]
[Black "Bojan"]
[WhiteElo "1980"]
[BlackElo "1960"]
[Result "1/2-1/2"]
[Round "1"]
1.Ng1f3 g6
2.d4 d5
3.g3 h6
4.Bf1g2 Nb8c6
5.O-O Bc8e6
6.c3 Qd8d7
7.b4 a6
8.Nb1d2 Be6h3
9.e4 Bh3xg2
10.Kxg2 dxe4
11.Nd2xe4 Bf8g7
12.Ne4c5 Qd7c8
13.Qd1d3 b6
14.Nc5e4 Ng8f6
15.Nf3e5 Qc8e6
16.Ne4xf6 exf6
17.Ne5xc6 Qe6xc6
18.Qd3f3 Qc6xf3
19.Kxf3 g5
20.Rf1e1 Kd7
21.Bc1d2 f5
22.Ra1d1 f6
23.a4 Rh8e8
24.Re1xe8 Ra8xe8
25.Rd1e1 Re8e6
26.Re1xe6 Kxe6
27.c4 Bg7f8
28.d5 Kd6
29.h4 c6
30.dxc6 Kxc6
31.h5 Bf8d6
32.Ke3 Bd6e5
33.f4 Be5b2
34.Kd3 b5
35.cxb5 axb5
36.a5 Kb7
37.Bd2c3 Bb2a3
38.Kd4 Kc6
39.Kd3 Ba3c1
40.Bc3d2 Bc1b2
41.Bd2c3 { draw }
1/2-1/2

[Event "Tourn. n8737"]
[Site "www.chess-mail.com"]
[Date "2016.07.21"]
[Round "1"]
[White "Falcoale"]
[Black "Geretree"]
[WhiteElo "1760"]
[BlackElo "1900"]
[Result "0-1"]
[Round "1"]
1.e4 e5
2.Ng1f3 Nb8c6
3.Bf1c4 h6
4.O-O Bf8c5
5.a3 a6
6.b4 Bc5a7
7.Bc1b2 d6
8.Nb1c3 Bc8g4
9.h3 Bg4h5
10.Bc4e2 Ng8f6
11.Rf1e1 Bh5xf3
12.Be2xf3 O-O
13.Nc3e2 b5
14.c3 Nc6e7
15.d4 exd4
16.cxd4 c6
17.Ne2g3 Rf8e8
18.Qd1c2 Ne7g6
19.Ra1d1 Ng6f4
20.e5 dxe5
21.Bf3xc6 Ra8c8
22.dxe5 Nf6d5
23.Rd1xd5 Nf4xd5
24.Re1c1 Re8e6
25.Qc2e4 Re6xc6
26.Rc1d1 Rc6c2
27.Rd1xd5 Qd8b6
28.Rd5c5 Rc8xc5
29.Bb2d4 Rc2c1
30.Kh2 Qb6c6
31.Bd4xc5 Qc6xe4
32.Ng3xe4 Ba7xc5
33.Ne4xc5 Rc1xc5
34.bxc5 Kf8
35.Kg3 Ke7
36.Kf4 g6
37.Ke4 Kd7
38.f4 a5
39.Kd4 Kc6
40.g4 b4
 { time }
0-1

[Event "Tourn. n8834"]
[Site "www.chess-mail.com"]
[Date "2016.07.21"]
[Round "1"]
[White "Cal"]
[Black "Falcoale"]
[WhiteElo "1650"]
[BlackElo "1630"]
[Result "1-0"]
[Round "1"]
1.c4 e6
2.a3 Ng8f6
3.Nb1c3 b6
4.e4 Bc8b7
5.d3 d5
6.cxd5 exd5
7.e5 Nf6d7
8.d4 Bf8e7
9.Ng1f3 O-O
10.h3 Rf8e8
11.b4 c5
12.bxc5 bxc5
13.Bf1e2 Be7f8
14.Bc1e3 cxd4
15.Be3xd4 Bf8c5
16.Bd4xc5 Nd7xe5
17.Nf3d4 Nb8c6
18.Be2b5 a6
19.Bb5xc6  { time }
1-0

[Event "Tourn. n8879"]
[Site "www.chess-mail.com"]
[Date "2016.07.21"]
[Round "1"]
[White "Picifarkinca"]
[Black "Bojan"]
[WhiteElo "1990"]
[BlackElo "1930"]
[Result "1-0"]
[Round "1"]
1.e4 e5
2.f4 exf4
3.Ng1f3 h6
4.h4 Bf8e7
5.Bf1c4 d6
6.d4 g5
7.hxg5 Be7xg5
8.Nb1c3 Bc8g4
9.Nc3d5 Ng8e7
10.Nd5xf4 Nb8c6
11.c3 Qd8d7
12.Nf4h5 Bg4xh5
13.Rh1xh5 Bg5xc1
14.Qd1xc1 Nc6a5
15.Rh5xa5 Qd7g4
16.Qc1d2 Qg4xe4
17.Kf2 d5
18.Bc4xd5 Qe4g4
19.Ra1e1 c6
20.Bd5xf7 Kf8
21.Bf7h5 Qg4g7
22.Qd2f4 Kg8
23.Ra5e5 Ne7g6
24.Re5e8 Ra8xe8
25.Re1xe8 Kh7
26.Re8xh8 Ng6xh8
27.Qf4f5 Nh8g6
28.Nf3e5 { resign }
1-0

[Event "Tourn. n8753"]
[Site "www.chess-mail.com"]
[Date "2016.07.21"]
[Round "1"]
[White "Ranjachess"]
[Black "Claudia"]
[WhiteElo "1670"]
[BlackElo "1770"]
[Result "1/2-1/2"]
[Round "1"]
1.d4 d5
2.Nb1c3 Ng8f6
3.Bc1f4 e6
4.e3 c5
5.Ng1f3 Nb8c6
6.Nc3b5 e5
7.dxe5 a6
8.Nb5d6 Bf8xd6
9.exd6 O-O
10.c4 d4
11.Bf1d3 dxe3
12.fxe3 Bc8g4
13.O-O Nf6e8
14.h3 Bg4h5
15.g4 Bh5g6
16.Bd3xg6 hxg6
17.Nf3g5 Qd8d7
18.a3 Ra8d8
19.Bf4g3 Ne8xd6
20.Qd1d5 Nd6c8
21.Qd5xc5 b6
22.Qc5d5 Qd7xd5
23.cxd5 Rd8xd5
24.h4 Rd5d2
25.b4 f6
26.Ng5e6 Rf8e8
27.Ne6c7 Re8e7
28.Bg3f4 a5
29.b5 Nc6e5
30.e4 Rd2e2
31.Nc7d5 Re7d7
32.Ra1c1 Nc8d6
33.Nd5xb6 Rd7b7
34.Nb6c8 Nd6xc8
35.Rc1xc8 Kh7
36.Bf4xe5 Re2xe4
37.Be5f4 Rb7xb5
38.g5 Rb5b3
39.gxf6 gxf6
40.Rc8c7 Kg8
41.Bf4d6 f5
42.h5 Re4g4
43.Kh2 Rg4h4
44.Kg2 Rh4xh5
45.Rf1f3 Rb3xf3
46.Kxf3 g5
47.Rc7c2 Rh5h3
48.Kg2 g4
49.Bd6g3 f4
50.Bg3xf4 Rh3xa3
51.Rc2c4 Kf7
52.Bf4c1 Ra3a1
53.Kg3 Ke6
54.Kxg4 Kd5
55.Rc4c8 a4
56.Bc1b2 Ra1f1
57.Rc8a8 Kc4
58.Ra8xa4 Kb3
{ draw }
1/2-1/2

[Event "Tourn. n8845"]
[Site "www.chess-mail.com"]
[Date "2016.07.21"]
[Round "1"]
[White "Cal"]
[Black "Nulladies"]
[WhiteElo "1650"]
[BlackElo "1630"]
[Result "1/2-1/2"]
[Round "1"]
1.e4 c5
2.c4 g6
3.Nb1c3 Bf8g7
4.d3 Nb8c6
5.h3 b6
6.Bc1d2 Nc6d4
7.Ng1f3 Bc8b7
8.Bd2e3 e5
9.b3 Ng8e7
10.Be3xd4 exd4
11.Nc3e2 O-O
12.Ne2f4 Qd8c7
13.Bf1e2 f5
14.Nf4d5 Ne7xd5
15.cxd5 d6
16.Nf3g5 Bb7c8
17.O-O h6
18.Ng5e6 Bc8xe6
19.dxe6 Qc7e7
20.exf5 Rf8xf5
21.Be2g4 Rf5e5
22.f4 Re5e3
23.f5 h5
24.Bg4f3 Ra8f8
25.Bf3d5 Re3e5
26.Bd5c4 Re5xf5
27.Rf1xf5 Rf8xf5
28.Qd1e2 Rf5e5
29.Qe2f3 Re5f5
30.Qf3a8 Rf5f8
31.Qa8e4 Kh7
32.a3 Bg7h6
33.b4 Rf8f4
34.Qe4a8 Rf4f8
35.Qa8e4 Rf8f5
36.bxc5 dxc5
37.a4 Bh6g7
38.a5 Rf5e5
39.Qe4f3 Re5xe6
40.Bc4xe6 Qe7xe6
41.axb6 axb6
42.Ra1a7 Qe6e3
43.Kf1 Qe3c1
44.Kf2 Qc1d2
45.Kg3 Qd2e1
46.Qf3f2 Qe1e5
47.Qf2f4 Qe5e1
48.Kh2 Qe1e3
49.Qf4f6 Qe3h6
50.Qf6xb6 Qh6f4
51.Kg1 Qf4e3
52.Kf1 Qe3xd3
53.Kg1 Qd3e3
54.Kh1 Qe3c1
55.Kh2 Qc1f4
56.g3 Qf4f2
57.Kh1 Qf2f1
58.Kh2 Qf1f2
59.Kh1 { draw }
1/2-1/2

[Event "Tourn. n8796"]
[Site "www.chess-mail.com"]
[Date "2016.07.21"]
[Round "1"]
[White "Avg"]
[Black "Picifarkinca"]
[WhiteElo "1840"]
[BlackElo "1910"]
[Result "0-1"]
[Round "1"]
1.f4 d5
2.Ng1f3 g6
3.g3 Bf8g7
4.Bf1g2 Ng8f6
5.O-O O-O
6.Nb1c3 d4
7.Nc3a4 c6
8.c3 b5
9.Na4c5 dxc3
10.bxc3 b4
 { time }
0-1

[Event "Tourn. n8844"]
[Site "www.chess-mail.com"]
[Date "2016.07.21"]
[Round "1"]
[White "B0zata"]
[Black "Cheminet"]
[WhiteElo "2250"]
[BlackElo "2070"]
[Result "1-0"]
[Round "1"]
1.e4 c5
2.Ng1f3 Nb8c6
3.Nb1c3 e6
4.Bf1b5 a6
5.Bb5xc6 bxc6
6.e5 Ng8e7
7.d3 Ne7d5
8.Nc3e4 Bf8e7
9.c4 Qd8a5
10.Bc1d2 Nd5b4
11.O-O Qa5b6
12.Bd2e3 O-O
13.a3 Nb4d5
14.cxd5 cxd5
15.Ne4d6 f6
16.Nd6xc8 Ra8xc8
17.b4 d4
18.bxc5 Be7xc5
19.Ra1b1 Qb6a7
20.Be3d2 Bc5xa3
21.Qd1a4 Ba3e7
22.Bd2b4 Be7xb4
23.Rb1xb4 { resign }
1-0

[Event "Tourn. n8818"]
[Site "www.chess-mail.com"]
[Date "2016.07.21"]
[Round "1"]
[White "Gatrooper"]
[Black "Cal"]
[WhiteElo "1600"]
[BlackElo "1670"]
[Result "1-0"]
[Round "1"]
1.e4 e5
2.a3 a6
3.Nb1c3 Ng8f6
4.h3 c6
5.Ng1f3 d6
6.d3 b5
7.Bc1g5 Bf8e7
8.Bg5xf6 Be7xf6
9.Bf1e2 h6
10.O-O O-O
11.d4 exd4
12.Nc3a2 Bc8e6
13.Nf3xd4 c5
14.Nd4f3 Bf6xb2
15.Ra1b1 Bb2xa3
16.Na2c3 b4
17.Nc3d5 Nb8c6
18.Qd1d3 a5
19.Nd5f4 c4
20.Qd3d1 Qd8d7
21.Nf4xe6 Qd7xe6
22.Nf3d2 a4
23.Be2xc4 Qe6g6
24.Bc4d3 Nc6e5
25.g4 h5
26.f3 hxg4
27.fxg4 b3
28.cxb3 Ne5xd3
29.Nd2f3 Qg6xe4
30.Rb1a1 Ba3c5
31.Kh1 a3
32.Ra1a2 Nd3f4
33.Rf1e1 Qe4c6
34.Kh2 Bc5f2
35.Re1f1 Bf2b6
36.Nf3g5 Bb6e3
37.Qd1e1 Rf8e8
38.Qe1h4 Kf8
39.Ng5h7 Kg8
40.Nh7g5 Kf8
41.Qh4h8 Ke7
42.Qh8h4 Re8h8
43.Ng5h7 f6
44.g5 Nf4g6
45.gxf6 Kf7
46.fxg7 Kxg7
47.Qh4f6 Kxh7
48.Qf6f7 Kh6
49.Rf1f6 Qc6e4
50.Ra2g2 Qe4e5
51.Rg2g3 Ra8g8
52.Rf6xg6 Rg8xg6
53.Qf7xg6 { resign }
1-0

[Event "Tourn. n8802"]
[Site "www.chess-mail.com"]
[Date "2016.07.21"]
[Round "1"]
[White "Mrmoto"]
[Black "Nulladies"]
[WhiteElo "1630"]
[BlackElo "1499"]
[Result "0-1"]
[Round "1"]
1.e4 c5
2.Ng1f3 Nb8c6
3.d4 cxd4
4.Nf3xd4 g6
5.Nd4xc6 bxc6
6.Nb1c3 Bf8g7
7.Bf1c4 Ng8f6
8.O-O O-O
9.Bc1e3 d6
10.Qd1d2 Ra8b8
11.Ra1b1 Bc8b7
12.Be3h6 a6
13.Bh6xg7 Kxg7
14.a3 d5
15.Bc4a2 dxe4
16.Rb1d1 e5
17.Qd2e3 Qd8c7
18.h3 c5
19.Nc3e2 Rf8d8
20.b4 cxb4
21.axb4 Nf6h5
22.f3 exf3
23.gxf3 f6
24.Qe3b3 e4
25.f4 Kh6
26.Qb3e3 f5
27.Ne2g3 Rd8xd1
28.Rf1xd1 Qc7xf4
29.Qe3xf4 Nh5xf4
30.h4 Nf4h5
31.Kh2 f4
32.Ng3xh5 Kxh5
33.Rd1g1 Kxh4
34.Ba2e6 f3
35.Rg1g4 Kh5
36.Kg3 Rb8f8
37.Rg4h4 Kg5
38.Rh4xh7 Rf8e8
39.Be6h3 Bb7d5
40.Rh7c7 e3
41.Rc7c5 Re8e5
42.b5 axb5
43.Rc5xb5 e2
{ resign }
0-1

[Event "Tourn. n8821"]
[Site "www.chess-mail.com"]
[Date "2016.07.21"]
[Round "1"]
[White "Sontuozio"]
[Black "Faerieking"]
[WhiteElo "2220"]
[BlackElo "2240"]
[Result "1-0"]
[Round "1"]
1.d4 d5
2.Ng1f3 Ng8f6
3.e3 Bc8f5
4.Nf3h4 Bf5g6
5.c4 e6
6.Nh4xg6 hxg6
7.Qd1b3 Qd8c8
8.Nb1c3 c6
9.Bc1d2 dxc4
10.Bf1xc4 Nb8d7
11.e4 Qc8c7
12.e5 Nf6d5
13.Nc3e4 Bf8e7
14.f4 f5
15.Ne4g5 Be7xg5
16.fxg5 O-O-O
17.Bc4xd5 exd5
18.Bd2b4 Nd7b6
19.Qb3a3 Nb6c4
20.Qa3xa7 Nc4xe5
21.Bb4a5 Ne5d3
22.Kd2 Qc7f4
23.Kxd3 { resign }
1-0

[Event "Match"]
[Site "www.echecsemail.com"]
[Date "2016.07.21"]
[Round "1"]
[White "Jhzes"]
[Black "Krystek23"]
[WhiteElo "1900"]
[BlackElo "2310"]
[Result "0-1"]
[Round "1"]
1.e4 c5
2.Ng1f3 e6
3.d4 cxd4
4.Nf3xd4 Nb8c6
5.Nd4xc6 bxc6
6.Bc1e3 Qd8c7
7.a3 Ng8f6
8.f3 Ra8b8
9.b3 Bf8e7
10.b4 d6
11.Bf1d3 d5
12.exd5 exd5
13.c4 Qc7e5
14.Qd1d2 Qe5xa1
15.cxd5 Nf6xd5
16.O-O a5
17.Rf1c1 axb4
18.Bd3c4 bxa3
19.Be3d4 Qa1xb1
20.Rc1xb1 Rb8xb1
21.Kf2 O-O
22.Bc4d3 Rb1h1
23.Bd4e5 Be7h4
24.Ke2 Rf8e8
{ resign }
0-1

[Event "Match"]
[Site "www.echecsemail.com"]
[Date "2016.07.21"]
[Round "1"]
[White "Powerchess"]
[Black "Paco"]
[WhiteElo "1510"]
[BlackElo "1890"]
[Result "0-1"]
[Round "1"]
1.c4 e5
2.Nb1c3 Bf8c5
3.e3 Nb8c6
4.Bf1e2 Ng8f6
5.d3 O-O
6.Ng1f3 d5
7.cxd5 Nf6xd5
8.O-O h5
9.Bc1d2 b5
 { time }
0-1

[Event "Match"]
[Site "www.echecsemail.com"]
[Date "2016.07.21"]
[Round "1"]
[White "Drawlward"]
[Black "Pellix84"]
[WhiteElo "1809"]
[BlackElo "1980"]
[Result "1-0"]
[Round "1"]
1.e4 c6
2.d4 d5
3.Nb1c3 dxe4
4.Nc3xe4 Bc8f5
5.Ne4g3 Bf5g6
6.h4 h6
7.Ng1f3 e6
8.Nf3e5 Bg6h7
9.Bf1d3 Bh7xd3
10.Qd1xd3 Ng8f6
11.Bc1d2 Nb8d7
12.f4 Qd8c7
13.O-O-O Ra8d8
14.Rh1e1 c5
15.Ne5g6 Rh8g8
16.f5 fxg6
17.Re1xe6 Bf8e7
18.Rd1e1 Nf6d5
19.fxg6 Rg8f8
20.Ng3h5 Rf8g8
21.Bd2f4 { resign }
1-0

[Event "Match"]
[Site "www.echecsemail.com"]
[Date "2016.07.21"]
[Round "1"]
[White "Tbsundar"]
[Black "Karpov35"]
[WhiteElo "2040"]
[BlackElo "1809"]
[Result "0-1"]
[Round "1"]
1.d4 Ng8f6
2.c4 e6
3.Ng1f3 b6
4.e3 Bc8a6
5.Nb1d2 Bf8e7
6.Bf1d3 O-O
7.O-O d5
8.b3 c5
9.Bc1b2 Nb8d7
10.Qd1e2 Qd8c7
11.Rf1c1 Qc7d6
12.Nf3e5 Ra8c8
13.f4 cxd4
14.exd4 dxc4
15.Nd2xc4 Ba6xc4
16.bxc4 Rf8e8
17.a4 a5
18.Kh1 Qd6c7
19.Bb2a3 Be7xa3
20.Ra1xa3 Qc7d6
21.Qe2b2 Re8d8
22.Ra3b3 h6
23.c5 bxc5
24.dxc5 Rc8xc5
25.Rc1xc5 Qd6xc5
26.Ne5xd7 Nf6xd7
27.h3 Qc5d6
28.Qb2f2 Nd7c5
29.Bd3c2 Nc5xb3
30.Bc2xb3 Qd6d2
31.Qf2h4 Rd8d4
32.Qh4e7 Qd2c1
33.Kh2 Qc1xf4
34.Kg1 Rd4d2
35.Qe7c5 Qf4d4
36.Qc5xd4 Rd2xd4
37.Kf2 Rd4b4
38.Bb3d1 f5
39.g3 Kf7
40.g4 Kf6
41.gxf5 exf5
42.Kg3 g5
43.Kf2 Ke5
44.Kg3 Rb4d4
45.Bd1e2 Rd4e4
46.Be2b5 h5
47.Kf3 h4
48.Bb5d7 Re4d4
49.Bd7b5 g4
50.hxg4 fxg4
51.Ke3 Rd4f4
52.Bb5d7 h3
53.Bd7c6 g3
54.Bc6f3 Rf4xf3
55.Kxf3 g2
56.Kf2 Kf4
57.Kg1 Kf3
58.Kh2 Kf2
59.Kxh3 g1Q
60.Kh4 Qg1g6
61.Kh3 Qg6g3
{ resign }
0-1

[Event "1/16 Finale"]
[Site "www.chess-mail.com"]
[Date "2016.07.21"]
[Round "1"]
[White "Hundegana"]
[Black "Snoopy"]
[WhiteElo "1980"]
[BlackElo "2300"]
[Result "1-0"]
[Round "1"]
1.f4 b6
2.d4 Bc8b7
3.Ng1f3 e6
4.g3 c5
5.c3 cxd4
6.cxd4 Ng8f6
7.Bf1g2 Bf8b4
8.Bc1d2 Bb4xd2
9.Nb1xd2 Nf6g4
10.Qd1b3 Nb8c6
11.h3 Nc6xd4
12.Nf3xd4 Bb7xg2
13.hxg4 Bg2xh1
14.Kf2 Bh1d5
15.Qb3b4 Qd8e7
16.Qb4xe7 Kxe7
17.e4 Bd5b7
18.Ke3 h5
19.g5 h4
20.g4 h3
21.Ra1h1 g6
22.Rh1h2 Ra8c8
23.Nd2b3 Bb7a6
24.Nb3d2 Rc8c1
25.f5 e5
26.Nd4f3 d6
27.f6 Ke6
28.a4 d5
29.exd5 Kxd5
30.Nd2e4 Rc1c4
31.Rh2d2 Rc4d4
32.Nf3xd4 exd4
33.Rd2xd4 Ke5
34.Rd4d1 h2
35.Ne4g3 Rh8h3
36.Kf2 Ba6b7
37.Ng3h1 Rh3f3
38.Ke2 Rf3f4
39.b3 Rf4xg4
40.Kf2 Rg4xg5
41.b4 Bb7xh1
42.Rd1xh1 Rg5g4
43.a5 Rg4xb4
44.axb6 axb6
45.Ke3 Rb4h4
46.Kf3 Kxf6
47.Kg3 g5
48.Kg2 b5
49.Rh1f1 Kg6
50.Kh1 b4
51.Rf1f3 f5
52.Rf3d3 f4
53.Rd3b3 g4
54.Rb3xb4 g3
55.Rb4b2 Kf5
56.Rb2e2 Kg4
57.Re2e4 Kf3
58.Re4xf4 { resign }
1-0

[Event "1/32 Finale"]
[Site "www.chess-mail.com"]
[Date "2016.07.21"]
[Round "1"]
[White "Vitoriccardo"]
[Black "Egdiogel"]
[WhiteElo "2010"]
[BlackElo "2199"]
[Result "0-1"]
[Round "1"]
1.e4 c6
2.d4 d5
3.exd5 cxd5
4.c4 Ng8f6
5.c5 g6
6.Ng1f3 Bf8g7
7.Nb1c3 O-O
8.Bc1f4 a6
9.a4 Nb8c6
10.Ra1b1 Rf8e8
11.b4 Bc8g4
12.Bf1e2 Bg4xf3
13.Be2xf3 e6
14.O-O Nf6d7
15.Rf1e1 Nc6xd4
16.Bf4d6 Nd4f5
17.b5 Nf5xd6
18.cxd6 Bg7xc3
19.Qd1c2 Bc3e5
20.Re1xe5 Nd7xe5
21.bxa6 bxa6
22.Rb1b6 Qd8xb6
{ resign }
0-1

[Event "Tourn. n8869"]
[Site "www.chess-mail.com"]
[Date "2016.07.22"]
[Round "1"]
[White "Yangqi"]
[Black "Frisker"]
[WhiteElo "2680"]
[BlackElo "2220"]
[Result "1-0"]
[Round "1"]
1.e4 e6
2.d4 d5
3.Nb1d2 Ng8f6
4.e5 Nf6d7
5.Bf1d3 c5
6.c3 Nb8c6
7.Ng1e2 Qd8b6
8.Nd2f3 cxd4
9.cxd4 f6
10.exf6 Nd7xf6
11.O-O Bf8d6
12.b3 O-O
13.Bc1f4 Bd6xf4
14.Ne2xf4 g6
15.Bd3c2 Nf6g4
16.g3 Bc8d7
17.Ra1c1 Ra8e8
18.Rf1e1 Qb6a5
19.a4 e5
20.dxe5 Nc6xe5
21.Nf3xe5 Ng4xe5
22.b4 Qa5d8
23.Qd1xd5 Ne5f7
24.Bc2b3 Re8xe1
25.Rc1xe1 { resign }
1-0

[Event "Tourn. n8876"]
[Site "www.chess-mail.com"]
[Date "2016.07.22"]
[Round "1"]
[White "Picifarkinca"]
[Black "Bojan"]
[WhiteElo "2000"]
[BlackElo "1920"]
[Result "1-0"]
[Round "1"]
1.e4 e5
2.Nb1c3 c6
3.Ng1f3 d6
4.d4 exd4
5.Nf3xd4 Nb8d7
6.Bf1e2 h6
7.O-O Nd7e5
8.f4 Ne5d7
9.a4 Nd7c5
10.b4 Nc5e6
11.Bc1e3 Ng8f6
12.e5 dxe5
13.fxe5 Nf6d5
14.Nc3xd5 Qd8xd5
15.Be2h5 g6
16.Bh5f3 Qd5xe5
17.Nd4xc6 Qe5xe3
18.Kh1 Bc8d7
19.Rf1e1 Qe3c3
20.Nc6e5 Ra8d8
21.Qd1e2 Bf8xb4
22.Ra1d1 Qc3c7
23.Re1f1 Bd7xa4
24.Ne5xf7 Qc7xf7
25.Bf3c6 Ba4xc6
26.Rd1xd8 Kxd8
27.Rf1xf7 Rh8e8
28.Qe2d3 Kc8
29.Qd3h3 Bb4d2
30.Kg1 Bc6d7
31.Qh3d3 Bd2a5
32.Qd3xd7 { resign }
1-0

[Event "Tourn. n8806"]
[Site "www.chess-mail.com"]
[Date "2016.07.22"]
[Round "1"]
[White "Gatrooper"]
[Black "Sportuga"]
[WhiteElo "1580"]
[BlackElo "1499"]
[Result "0-1"]
[Round "1"]
1.e4 d6
2.d4 Ng8f6
3.Nb1c3 g6
4.h3 Bf8g7
5.a3 O-O
6.Ng1f3 e6
7.Bc1g5 Qd8e8
8.Bg5xf6 Bg7xf6
9.Bf1b5 c6
10.Bb5d3 Nb8d7
11.e5 dxe5
12.Nc3e4 exd4
13.g4 Bf6g7
14.Nf3g5 Qe8e7
15.h4 h6
16.Ng5f3 b6
17.h5 g5
18.Qd1e2 c5
19.Bd3b5 Nd7f6
20.Ne4xf6 Qe7xf6
21.O-O-O Bc8b7
22.Rh1f1 Bb7xf3
23.Qe2d3 Bf3xd1
24.Rf1xd1 Qf6f4
25.Kb1 Qf4xg4
26.Rd1h1 Rf8d8
27.f3 Qg4f4
28.Bb5c6 Ra8c8
29.Bc6e4 f5
30.Qd3c4 Rd8d6
31.Qc4a6 Rc8c7
32.Be4d3 Qf4xf3
33.Rh1f1 Qf3xh5
34.Bd3e2 g4
35.Qa6d3 Qh5g5
36.Qd3g3 Rd6d7
37.Be2b5 Rd7e7
38.Bb5c4 Kh8
39.Rf1h1 e5
40.b3 f4
41.Qg3g2 f3
42.Qg2f1 e4
43.Qf1g1 e3
44.Qg1h2 g3
45.Qh2g1 e2
46.Bc4xe2 Re7xe2
47.Qg1d1 Rc7e7
48.Kb2 f2
49.Ka2 Re2e1
50.Rh1xe1 Re7xe1
51.Qd1f3 f1Q
52.Qf3xf1 Re1xf1
53.Kb2 Qg5c1
54.Ka2 Qc1b1
{ resign }
0-1

[Event "Tourn. n8872"]
[Site "www.chess-mail.com"]
[Date "2016.07.22"]
[Round "1"]
[White "Kampungboy"]
[Black "Julian"]
[WhiteElo "2250"]
[BlackElo "2050"]
[Result "1-0"]
[Round "1"]
1.e4 c5
2.Ng1f3 d6
3.d4 cxd4
4.Nf3xd4 Ng8f6
5.Nb1c3 a6
6.Nd4b3 g6
7.e5 dxe5
8.Qd1xd8 Kxd8
9.Bc1g5 Bf8g7
10.O-O-O Bc8d7
11.Nb3a5 Kc7
12.Bg5xf6 exf6
13.Nc3d5 Kd8
14.Na5xb7 Kc8
15.Nb7d6 { resign }
1-0

[Event "Tourn. n8780"]
[Site "www.chess-mail.com"]
[Date "2016.07.22"]
[Round "1"]
[White "Jesmantiz"]
[Black "Claudia"]
[WhiteElo "1900"]
[BlackElo "1870"]
[Result "0-1"]
[Round "1"]
1.d4 d5
2.e3 e6
3.Bf1d3 Ng8f6
4.Nb1d2 Bf8e7
5.f4 O-O
6.Ng1f3 b6
7.O-O Nb8d7
8.Nf3e5 Bc8b7
9.Rf1f3 Nf6e4
10.Rf3h3 f5
11.g4 Nd7xe5
12.dxe5 c5
13.c3 Ne4xd2
14.Bc1xd2 d4
15.exd4 Qd8d5
16.Bd3f1 cxd4
17.c4 Qd5c6
18.g5 Be7c5
19.b4 Bc5e7
20.Rh3xh7 Qc6h1
21.Kf2 Kxh7
22.Qd1h5 Kg8
23.Bf1e2 Qh1g2
24.Ke1 Qg2g1
25.Be2f1 Bb7g2
26.Ke2 d3
27.Kxd3 Rf8d8
28.Kc2 Bg2e4
29.Kb3 Rd8xd2
30.Ra1e1 Qg1xh2
31.Qh5xh2 Rd2xh2
32.Re1c1 a5
33.a3 a4
34.Kc3 Kf7
35.Kd4 Ra8d8
36.Ke3 Rh2a2
37.Rc1c3 Rd8d1
38.Bf1h3 Ra2h2
{ resign }
0-1

[Event "Tourn. n8691"]
[Site "www.chess-mail.com"]
[Date "2016.07.22"]
[Round "1"]
[White "Tonino1"]
[Black "Comrade"]
[WhiteElo "2210"]
[BlackElo "2190"]
[Result "0-1"]
[Round "1"]
1.d4 d5
2.Ng1f3 e6
3.e3 Ng8f6
4.Bf1d3 c5
5.b3 Nb8c6
6.a3 Bf8d6
7.Bc1b2 O-O
8.Nb1d2 Rf8e8
9.O-O e5
10.dxe5 Nc6xe5
11.Nf3xe5 Bd6xe5
12.Bb2xe5 Re8xe5
13.Nd2f3 Re5e8
14.c4 dxc4
15.Bd3xc4 Bc8e6
16.Bc4xe6 Re8xe6
17.Qd1c2 Qd8c7
18.Nf3d4 Re6e7
19.Nd4f5 Re7e5
20.Ra1d1 g6
21.Nf5d6 a6
22.b4 Ra8d8
23.Nd6c4 Re5d5
24.Rd1xd5 Rd8xd5
25.Nc4b2 Nf6g4
26.g3 Rd5h5
27.bxc5 Ng4xh2
28.Rf1c1 Nh2f3
29.Kf1 Rh5h1
30.Ke2 Rh1xc1
31.Qc2xc1 Qc7c6
32.Qc1c4 Nf3e5
33.Qc4d4 Qc6b5
34.Nb2d3 Ne5xd3
35.Qd4xd3 Qb5xc5
36.e4 Kg7
37.f4 Qc5e7
38.Qd3d4 f6
39.e5 fxe5
40.fxe5 Qe7e6
41.Qd4c5 h5
42.Qc5c7 Kh6
43.Qc7xb7 Qe6xe5
44.Kf2 Qe5c5
45.Kg2 Qc5xa3
46.Qb7e4 Qa3b2
47.Kh3 Qb2f6
48.Qe4e3 Qf6g5
49.Qe3e8 Qg5f5
50.Kh2 Qf5f6
51.Qe8e3 g5
52.Qe3d2 h4
53.gxh4 Qf6f4
{ resign }
0-1